| 000 | 00394nam a22001697a 4500 | ||
|---|---|---|---|
| 005 | 20180321114529.0 | ||
| 008 | 160519b xxu||||| |||| 00| 0 eng d | ||
| 020 | _a9812-53050-9 | ||
| 041 | _aeng | ||
| 082 |
_b3252 _a338.5024658 |
||
| 100 |
_aTruett and truett _94215 |
||
| 245 | _aManagerial Economics | ||
| 260 | _bWiley India | ||
| 300 | _a727 | ||
| 650 |
_aManagement _9241 |
||
| 942 | _cBK | ||
| 999 |
_c1106 _d1106 |
||